[Event "EU-ch U18"]
[Site "Bratislava"]
[Date "2019.08.08"]
[Round "7"]
[White "Chatzieleftheriou, Andreas"]
[Black "Van Foreest, Lucas"]
[Result "1-0"]
[WhiteElo "2166"]
[BlackElo "2543"]
[PlyCount "121"]
[EventDate "2019.08.02"]
[EventType "swiss"]
[EventRounds "9"]
[EventCountry "SVK"]
[SourceTitle "CBM 191 Extra"]
[Source "ChessBase"]
[SourceDate "2019.09.30"]
[SourceVersion "1"]
[SourceVersionDate "2019.09.30"]
[SourceQuality "1"]

1. e4 c5 2. Nf3 d6 3. Bb5+ Nd7 4. a4 Ngf6 5. Nc3 g6 6. a5 Bg7 7. a6 0-0 8. 0-0 Qc7 9. Re1 bxa6 10. Bxa6 Bxa6 11. Rxa6 Nb8 12. Ra4 Nc6 13. b3 Qb7 14. Bb2 Nd7 15. d3 f5 16. Qe2 Nde5 17. Nxe5 Bxe5 18. Nd1 f4 19. f3 Nd4 20. Bxd4 Bxd4+ 21. Kh1 Rfc8 22. Qd2 g5 23. Nc3 Rc6 24. Ne2 Bf6 25. g3 fxg3 26. hxg3 Rf8 27. Kg2 Ra6 28. Rxa6 Qxa6 29. e5 Bxe5 30. Qxg5+ Kh8 31. Qxe7 Qc8 32. Rh1 Qf5 33. f4 Bg7 34. Qe4 d5 35. Qxf5 Rxf5 36. g4 Rf8 37. Rh5 Rd8 38. Kf3 Kg8 39. Rf5 c4 40. d4 cxb3 41. cxb3 Bf8 42. Ke3 a5 43. Kd3 Rb8 44. Kc2 Rc8+ 45. Kb2 Bb4 46. Rxd5 Rc6 47. g5 h6 48. gxh6 Rxh6 49. Kc2 Rh3 50. Rg5+ Kf7 51. Rg3 Rh2 52. Re3 Kf6 53. Kd3 Kf5 54. d5 Rh8 55. Re5+ Kg4 56. Ke4 Kh4 57. Nd4 Kg3 58. Nf5+ Kf2 59. d6 Rd8 60. Rd5 Re8+ 61. Kd3 1-0

[Event "EU-ch U18"]
[Site "Bratislava"]
[Date "2019.08.07"]
[Round "6"]
[White "Guerra Rivera, Salvador"]
[Black "Chatzieleftheriou, Andreas"]
[Result "0-1"]
[WhiteElo "2344"]
[BlackElo "2166"]
[PlyCount "86"]
[EventDate "2019.08.02"]
[EventType "swiss"]
[EventRounds "9"]
[EventCountry "SVK"]
[SourceTitle "CBM 191 Extra"]
[Source "ChessBase"]
[SourceDate "2019.09.30"]
[SourceVersion "1"]
[SourceVersionDate "2019.09.30"]
[SourceQuality "1"]

1. e4 e6 2. d4 d5 3. Nc3 Bb4 4. e5 c5 5. Qg4 g6 6. Bd2 cxd4 7. Qxd4 Nc6 8. Qf4 Bf8 9. 0-0-0 Bg7 10. Nf3 a6 11. Bd3 Qc7 12. Rde1 h6 13. h4 Nge7 14. Kb1 Bd7 15. g4 Rf8 16. Qg3 Rb8 17. Ne2 Rc8 18. Ned4 Qb6 19. Be3 Qc7 20. Nxc6 Nxc6 21. Bc5 Rh8 22. Bd6 Qb6 23. c3 Na5 24. Ka1 Nc4 25. Bxc4 Rxc4 26. Nd4 Bf8 27. Qf4 Qd8 28. Qe3 Bxd6 29. exd6 Qf6 30. f4 Kd8 31. Rh3 h5 32. g5 Qg7 33. b3 Rc8 34. Kb2 b5 35. f5 b4 36. fxe6 Rxc3 37. Qf2 Rxh3 38. Kb1 fxe6 39. Rxe6 Rh1+ 40. Kc2 Rh2 41. Qxh2 Qxd4 42. Qe2 Bxe6 43. Qxe6 Qe4+ 0-1